Wie beschreibt man Architektur? : das Fräulein von Scudéry spaziert durch Versailles

Saved in:
Bibliographic Details
Main Authors: Krause, Katharina (Author)
Scudéry, Madeleine de (Author)
Document Type: Book
Language:German
French
Published: Freiburg im Breisgau : Rombach , 2002
Edition:1. Aufl.
Series:Rombach-Wissenschaften / Reihe Quellen zur Kunst 18
Subjects:
Online Access:Inhaltsverzeichnis
Rezension
Rezension
Inhaltsverzeichnis
Rezension
Related Items:Rezensiert in: [Rezension von: Katharina Krause, Wie beschreibt man Architektur?]
Author Notes:Katharina Krause
LEADER 05888cam a2201117 c 4500
001 350131996
003 DE-627
005 20260324072424.0
007 tu
008 020704s2002 gw ||||| 00| ||ger c
015 |a 02,N29,0002  |2 dnb 
015 |a 02,A49,1511  |2 dnb 
016 7 |a 964334097  |2 DE-101 
020 |a 3793093220  |q Pb. : EUR 15.30, sfr 26.40  |9 3-7930-9322-0 
035 |a (DE-627)350131996 
035 |a (DE-603)105505099 
035 |a (DE-576)100320910 
035 |a (DE-599)DNB964334097 
035 |a (OCoLC)231958063 
035 |a (OCoLC)50428811 
040 |a DE-627  |b ger  |c DE-627  |e rakwb 
041 |a ger  |a fre 
044 |c XA-DE  |c XA-FR 
050 0 |a DC801.V56 
082 0 |a 944.3663 
084 |a 45  |2 sdnb 
084 |a 46  |a 45  |a 01  |2 sdnb 
084 |a 45  |a 46  |a 55  |2 sdnb 
084 |a 9,10  |2 ssgn 
084 |a IF 8906  |q BVB  |2 rvk  |0 (DE-625)rvk/55725:11640 
084 |a LM 75640  |2 rvk  |0 (DE-625)rvk/101259: 
084 |a 17.90  |2 bkl 
084 |a 18.23  |2 bkl 
100 1 |a Krause, Katharina  |d 1960-  |0 (DE-588)133829170  |0 (DE-627)556797094  |0 (DE-576)276263898  |4 aut 
245 1 0 |a Wie beschreibt man Architektur?  |b das Fräulein von Scudéry spaziert durch Versailles  |c Katharina Krause 
246 3 3 |a La promenade de Versailles 
250 |a 1. Aufl. 
263 |a Pb. : EUR 15.30, sfr 26.40 
264 1 |a Freiburg im Breisgau  |b Rombach  |c 2002 
300 |a 135 S.  |b Ill.  |c 19 cm 
336 |a Text  |b txt  |2 rdacontent 
337 |a ohne Hilfsmittel zu benutzen  |b n  |2 rdamedia 
338 |a Band  |b nc  |2 rdacarrier 
490 1 |a Rombach-Wissenschaften  |a Reihe Quellen zur Kunst  |v 18 
500 |a Enth.: Scudéry, Madeleine de: La promenade de Versailles 
546 |a Text eines enth. Werkes dt. und franz. 
583 1 |a Archivierung/Langzeitarchivierung gewährleistet  |f PEBW  |x XA-DE-BW  |2 pdager  |5 DE-31 
583 1 |a Archivierung/Langzeitarchivierung gewährleistet  |f SSG  |x XA-DE-BW  |2 pdager  |5 DE-16 
583 1 |a Archivierung prüfen  |c 20240324  |f DE-4165  |z 3  |2 pdager 
583 1 |a Archivierung/Langzeitarchivierung gewährleistet  |f SLG  |z Frankreichforschung  |2 pdager  |5 DE-77 
600 1 0 |a Scudéry, Madeleine de  |x Promenade de Versailles 
600 1 7 |0 (DE-588)4706192-3  |0 (DE-627)356148637  |0 (DE-576)215407695  |a Scudéry, Madeleine de  |d 1607-1701  |t La promenade de Versailles  |a DNB  |2 gnd 
650 0 |a Architectural criticism  |x History  |x 17th century  |x France 
650 0 |a Cultural property  |x France  |x Versailles 
651 0 |a Versailles (France)  |x Buildings, structures, etc 
651 7 |0 (DE-588)4194431-8  |0 (DE-627)105219568  |0 (DE-576)210094095  |a Schloss Versailles  |g Versailles  |2 gnd 
653 0 |a Château de Versailles (Versailles, France)  |a Sources  |a History 
653 0 |a Château de Versailles (Versailles, France)  |a Early works to 1800 
689 0 0 |d g  |0 (DE-588)4194431-8  |0 (DE-627)105219568  |0 (DE-576)210094095  |a Schloss Versailles  |g Versailles  |2 gnd 
689 0 |5 DE-101 
689 1 0 |d u  |0 (DE-588)4706192-3  |0 (DE-627)356148637  |0 (DE-576)215407695  |a Scudéry, Madeleine de  |d 1607-1701  |t La promenade de Versailles  |2 gnd 
689 1 |5 DE-101 
689 2 0 |d p  |0 (DE-588)119069563  |0 (DE-627)133425142  |0 (DE-576)163020655  |a Scudéry, Madeleine de  |d 1607-1701  |2 gnd 
689 2 1 |d g  |0 (DE-588)4194431-8  |0 (DE-627)105219568  |0 (DE-576)210094095  |a Schloss Versailles  |g Versailles  |2 gnd 
689 2 2 |d s  |0 (DE-588)4002851-3  |0 (DE-627)104280352  |0 (DE-576)208848975  |a Architektur  |2 gnd 
689 2 3 |d s  |0 (DE-588)4144882-0  |0 (DE-627)104707542  |0 (DE-576)209737298  |a Beschreibung  |2 gnd 
689 2 |5 (DE-627) 
700 1 |a Scudéry, Madeleine de  |d 1607-1701  |0 (DE-588)119069563  |0 (DE-627)133425142  |0 (DE-576)163020655  |4 aut 
787 0 8 |i Rezensiert in  |a Philipp, Klaus Jan, 1957 -   |t [Rezension von: Katharina Krause, Wie beschreibt man Architektur?]  |d 2003  |w (DE-627)1920616284 
830 0 |a Rombach-Wissenschaften / Reihe Quellen zur Kunst  |v 18  |9 18  |w (DE-627)227369475  |w (DE-576)059005947  |w (DE-600)1379815-7  |7 am 
856 4 2 |u http://www.gbv.de/dms/hebis-mainz/toc/105505099.pdf  |m V:DE-603  |m B:DE-77  |q pdf/application  |x Verlag  |y Inhaltsverzeichnis  |3 Inhaltsverzeichnis  |7 1 
856 4 2 |u https://swbplus.bsz-bw.de/bsz100320910rez.htm  |m B:DE-576;DE-16  |q application/pdf  |v 20081106090209  |x Verlag  |3 Rezension  |7 1 
856 4 2 |u http://www.sehepunkte.de/2003/02/1277.html  |m V:DE-576;X:Sehepunkte  |q text/html  |v 20180424113608  |3 Rezension  |7 1 
856 4 2 |u http://scans.hebis.de/HEBCGI/show.pl?10550509_toc.pdf  |m V:DE-603;B:DE-77  |q application/pdf  |3 Inhaltsverzeichnis  |7 1 
856 4 2 |u http://scans.hebis.de/HEBCGI/show.pl?10550509_rez.pdf  |m V:DE-576;B:DE-16  |q application/pdf  |3 Rezension  |7 1 
889 |w (DE-627)460095196 
935 |a MZFRA 
935 |i SLoT 
935 |i Blocktest 
936 r v |a IF 8906  |b Sekundärliteratur  |k Romanistik  |k Französische Literatur im 16. und 17. Jahrhundert  |k Französische Literatur im 17. Jahrhundert  |k Literaturgeschichte  |k Einzelne Autoren und ausgewählte Anonyma  |k Autoren S  |k Scudéry, Madeleine de  |k Sekundärliteratur  |0 (DE-627)1271626268  |0 (DE-625)rvk/55725:11640  |0 (DE-576)201626268 
936 r v |a LM 75640  |b Versailles  |k Kunstgeschichte  |k Kunst nach Ländern bzw. Kontinenten  |k Frankreich  |k Kunsttopografie Frankreichs  |k Alphabetische Liste der französischen Orte  |k Orte V  |k Versailles  |0 (DE-627)1271307251  |0 (DE-625)rvk/101259:  |0 (DE-576)201307251 
936 b k |a 17.90  |j Literatur in Beziehung zu anderen Bereichen von Wissenschaft und Kultur  |0 (DE-627)106404385 
936 b k |a 18.23  |j Französische Literatur  |0 (DE-627)106405411 
936 s n |a l300  |2 mzub 
936 s n |a n100  |2 mzub 
936 s n |a z210  |2 mzub 
936 s n |a i100  |2 mzub 
951 |a BO 
990 |a Schloss Versailles 
990 |a Scudéry, Madeleine de / La promenade de Versailles 
990 |a Scudéry, Madeleine de 
990 |a Schloss Versailles 
990 |a Architektur 
990 |a Beschreibung 
991 |a Rezensiertes Werk 
999 |a KXP-PPN350131996  |e 4955631657